000 00813nam a2200229 a 4500
001 70996
003 BD-RjUL
005 20211209082051.0
008 170423s1974 b a|||| |||| 00| 0 ben d
020 _c : Tk. 4.00
035 _a(BD-RjUL)71210
040 _aBD-RjUL
_bben
_cBD-RjUL
_dBD-RjUL
041 _aben
082 _223
_a891.441
_bBAA 1974
100 1 0 _aবানু, নীলুফার
_9210064
245 1 0 _aআনতাই পানতাই খরগরোশ = (Untai Pattaya Raggers) /
_cনীলুফার বানু
260 _aঢাকা :
_bবাংলা একাডেমী,
_c১৯৭৪
300 _a২৪ পৃ. :
_bচিত্র ;
_c২৪ সেমি.
650 _aবাংলা কবিতা
_9210065
650 _aBengali poetry
_9210066
942 _2ddc
_cBK
999 _c70996
_d70996